MARC details
| 000 -LEADER |
| fixed length control field |
01815cam a2200481Ii 4500 |
| 001 - CONTROL NUMBER |
| control field |
34712135 |
| 003 - CONTROL NUMBER IDENTIFIER |
| control field |
OCoLC |
| 005 - DATE AND TIME OF LATEST TRANSACTION |
| control field |
20221223214110.0 |
| 008 - FIXED-LENGTH DATA ELEMENTS--GENERAL INFORMATION |
| fixed length control field |
960513s1995 sp a j 000 0 spa d |
| 020 ## - INTERNATIONAL STANDARD BOOK NUMBER |
| International Standard Book Number |
8434846543 |
| 020 ## - INTERNATIONAL STANDARD BOOK NUMBER |
| International Standard Book Number |
9788434846548 |
| 040 ## - CATALOGING SOURCE |
| Original cataloging agency |
CS1 |
| Language of cataloging |
eng |
| Description conventions |
rda |
| Transcribing agency |
CS1 |
| Modifying agency |
CAW |
| -- |
CGP |
| -- |
PL# |
| -- |
OCL |
| -- |
OCLCQ |
| -- |
OCLCF |
| -- |
OCLCQ |
| -- |
OCLCO |
| -- |
YOL |
| 041 1# - LANGUAGE CODE |
| Language code of text/sound track or separate title |
spa |
| Language code of original |
fre |
| 043 ## - GEOGRAPHIC AREA CODE |
| Geographic area code |
n-usp-- |
| 100 1# - MAIN ENTRY--PERSONAL NAME |
| Personal name |
Fuhr, Ute. |
| 245 14 - TITLE STATEMENT |
| Title |
Los indios / |
| Statement of responsibility, etc. |
ilustrado por Ute Fuhr y Raoul Sautai ; realizado por Gallimard Jeunesse, Ute Fuhr y Raoul Sautai ; traduccion, Paz Barroso. |
| 260 ## - PUBLICATION, DISTRIBUTION, ETC. (IMPRINT) |
| Place of publication, distribution, etc. |
Madrid : |
| Name of publisher, distributor, etc. |
Ediciones SM, |
| Date of publication, distribution, etc. |
c1995. |
| 264 #1 - PRODUCTION, PUBLICATION, DISTRIBUTION, MANUFACTURE, AND COPYRIGHT NOTICE |
| Place of production, publication, distribution, manufacture |
Madrid : |
| Name of producer, publisher, distributor, manufacturer |
Ediciones SM, |
| Date of production, publication, distribution, manufacture, or copyright notice |
[1995] |
| 264 #4 - PRODUCTION, PUBLICATION, DISTRIBUTION, MANUFACTURE, AND COPYRIGHT NOTICE |
| Date of production, publication, distribution, manufacture, or copyright notice |
c1995. |
| 300 ## - PHYSICAL DESCRIPTION |
| Extent |
1 volume (unpaged) : |
| Other physical details |
color illustrations ; |
| Dimensions |
19 cm. |
| 336 ## - CONTENT TYPE |
| Content type term |
text |
| Content type code |
txt |
| Source |
rdacontent. |
| 337 ## - MEDIA TYPE |
| Media type term |
unmediated |
| Media type code |
n |
| Source |
rdamedia. |
| 338 ## - CARRIER TYPE |
| Carrier type term |
volume |
| Carrier type code |
nc |
| Source |
rdacarrier. |
| 490 1# - SERIES STATEMENT |
| Series statement |
Mundo maravilloso ; |
| Volume/sequential designation |
35. |
| 500 ## - GENERAL NOTE |
| General note |
"De 3 a 7 anos"--Page 4 of cover. |
| 650 #0 - SUBJECT ADDED ENTRY--TOPICAL TERM |
| Topical term or geographic name as entry element |
Frontier and pioneer life |
| Geographic subdivision |
West (U.S.) |
| Form subdivision |
Juvenile literature. |
| 650 #0 - SUBJECT ADDED ENTRY--TOPICAL TERM |
| Topical term or geographic name as entry element |
Indians of North America |
| General subdivision |
History |
| Form subdivision |
Juvenile literature. |
| 650 #0 - SUBJECT ADDED ENTRY--TOPICAL TERM |
| Topical term or geographic name as entry element |
Cowboys |
| Form subdivision |
Juvenile literature. |
| 650 #0 - SUBJECT ADDED ENTRY--TOPICAL TERM |
| Topical term or geographic name as entry element |
Indians of North America |
| Form subdivision |
Juvenile literature. |
| 650 #7 - SUBJECT ADDED ENTRY--TOPICAL TERM |
| Topical term or geographic name as entry element |
Oeste (Estados Unidos) |
| Source of heading or term |
bidex. |
| 650 #7 - SUBJECT ADDED ENTRY--TOPICAL TERM |
| Topical term or geographic name as entry element |
Indios de Am©♭rica del Norte. |
| Source of heading or term |
bidex. |
| 650 #7 - SUBJECT ADDED ENTRY--TOPICAL TERM |
| Topical term or geographic name as entry element |
Libros de juguete y movibles. |
| Source of heading or term |
bidex. |
| 650 #7 - SUBJECT ADDED ENTRY--TOPICAL TERM |
| Topical term or geographic name as entry element |
Cowboys |
| Source of heading or term |
bidex. |
| 650 #7 - SUBJECT ADDED ENTRY--TOPICAL TERM |
| Topical term or geographic name as entry element |
Frontera y exploradores |
| General subdivision |
Vida |
| Geographic subdivision |
Oeste (Estados Unidos) |
| Source of heading or term |
bidex. |
| 651 #0 - SUBJECT ADDED ENTRY--GEOGRAPHIC NAME |
| Geographic name |
West (U.S.) |
| General subdivision |
History |
| Form subdivision |
Juvenile literature. |
| 655 #7 - INDEX TERM--GENRE/FORM |
| Genre/form data or focus term |
Spanish language materials. |
| Source of term |
local. |
| 700 1# - ADDED ENTRY--PERSONAL NAME |
| Personal name |
Sautai, Raoul. |
| 700 12 - ADDED ENTRY--PERSONAL NAME |
| Personal name |
Fuhr, Ute. |
| Title of a work |
Indiens. |
| Language of a work |
Spanish. |
| 700 12 - ADDED ENTRY--PERSONAL NAME |
| Personal name |
Barroso, Paz |
| Relator term |
traduccion |
| 710 2# - ADDED ENTRY--CORPORATE NAME |
| Corporate name or jurisdiction name as entry element |
Gallimard Jeunesse (Publisher) |
| 830 #0 - SERIES ADDED ENTRY--UNIFORM TITLE |
| Uniform title |
Mundo maravilloso ; |
| Volume number/sequential designation |
35. |
| 942 ## - ADDED ENTRY ELEMENTS (KOHA) |
| Koha item type |
Libro/Book |